000 00751nam a2200241Ia 4500
003 OSt
005 20220923222728.0
006 a|||||r|||| 00| 0
007 ta
008 220922b |||||||| |||| 00| 0 hin d
024 _a207,270
037 _cTextual
040 _aARTS
_cARTS
_bhin
041 _2hin
_ahin
082 _aO152,3NK3x, L7
100 _aकेवल, शक्तिपाल
_9156272
245 0 _aजिन्दगी और दीवार
246 _aJindagī aur dīvāra
260 _aदिल्ली
_b भारती भाषा प्रका0
_c1977
300 _a133पृ.
_ccm.
942 _hO152,3NK3x, L7
_cTEXL
_2CC
999 _c357887
_d357887